History of mediaeval India from 647 to 1526 A D (Record no. 394680)
[ view plain ]
| 000 -LEADER | |
|---|---|
| fixed length control field | 00569 a2200217 4500 |
| 005 - DATE & TIME | |
| control field | 20260427163430.0 |
| 008 - FIXED-LENGTH DATA ELEMENTS--GENERAL INFORMATION | |
| fixed length control field | 260427b |||||||| |||| 00| 0 eng d |
| 020 ## - ISBN | |
| International Standard Book Number | 9788122911121 |
| Price | Rs. 1495.00 |
| 040 ## - CATALOGING SOURCE | |
| Original cataloging agency | VIVEKANANDA LIBRARY |
| 082 ## - DDC NUMBER | |
| Classification number | 954.02 |
| Book Number | P887H |
| 100 ## - MAIN ENTRY--PERSONAL NAME | |
| Personal name | Prasad, Ishwari |
| 110 ## - MAIN ENTRY--CORPORATE NAME | |
| Corporate name | |
| 245 ## - TITLE STATEMENT | |
| Title | History of mediaeval India from 647 to 1526 A D |
| 260 ## - PUBLICATION, DISTRIBUTION, ETC. (IMPRINT) | |
| Name of publisher, distributor, etc | Surjeet Publications |
| Place of publication, distribution, etc | Delhi |
| Date of publication, distribution, etc | 2019 |
| 300 ## - PHYSICAL DESCRIPTION | |
| Pages | xli, 496 |
| 650 ## - Subject | |
| Subject | History |
| 650 ## - Subject | |
| Subject | History of Asia |
| 650 ## - Subject | |
| Subject | India- Medieval Period |
| 700 ## - Added Entry Personal Name | |
| Added Entry Personal Name | Rushbrook, L F |
| 942 ## - ADDED ENTRY ELEMENTS (KOHA) | |
| Koha item type | Books |
| Withdrawn status | Lost status | Source of classification or shelving scheme | Damaged status | Not for loan | Location (home branch) | Sublocation or collection (holding branch) | Shelving location | Date acquired | Koha issues (times borrowed) | Koha full call number | Accession No. | Koha date last seen | Koha item type |
|---|---|---|---|---|---|---|---|---|---|---|---|---|---|
| Dewey Decimal Classification | VIVEKANANDA LIBRARY | VIVEKANANDA LIBRARY | Vivekananda Library | 02/02/2026 | 954.02 P887H | 444943 | 02/02/2026 | Books |
